000 00560nam a2200181 a 4500
001 000666445
003 AM-YeHGA
005 20250617141806.0
008 090615s1964 ||| r 000 0 rus d
040 _aAM-YeHGA
041 0 _arus
100 1 _aГерасимов, Иосиф Абрамович
245 1 0 _aСоловьи :
_bРоман /
_cИосиф Герасимов.
260 _aМосква :
_bСов. Россия,
_c1964.
300 _a237 с. :
_bил.
653 0 _aРусская советская литература
090 _c246989
999 _c245403
_d245403